Etats des US - Statistiques

Statistiques générales
  • Ce quiz a été pris 107 fois
  • Le résultat moyen est 10 sur 15
Statistiques - réponses
Hint Réponse % Correct
Etat commençant par Io Iowa
89%
Etat commençant par Con Connecticut
87%
Etat commençant par Id Idaho
87%
Etat commençant par Wi Wisconsin
87%
Etat commençant par Mar Maryland
82%
Etat commençant par Cal Californie
80%
Etat commençant par Néb Nebraska
79%
Etat commençant par G Géorgie
79%
Etat commençant par Ar Arkansas
77%
Etats commençant par Or Oregon
73%
Etat commençant par Mas
Massachussets
68%
Etat commençant par Ve Vermont
68%
Etat commençant par Ke Kentucky
67%
Etats commençant par A (2) AlabamaAlaska
16%
Etat commençant par New (3) New Hampshire New York New Jersey
6%
Aucun quiz correspondant
Distribution des résultats
% des personnes avec chaque résultat
Percentile par nombre de réponses
Votre historique - résultats
Vous n’avez pas pris ce quiz